000 01248nam a2200325 i 4500
001 25501
003 KOSZ 005
005 20200820084539.0
008 071017s1971 pl a f 001 0 pol
015 _aPB 1971/10658
040 _aWA N
_cWA N
_dKOSZ 005/RW
080 _a681.3
100 1 _aTurski, Władysław Marek
_d(1938-2013)
_eAutor
245 1 0 _aStruktury danych /
_cWładysław M. Turski.
260 _aWarszawa :
_bWydawnictwa Naukowo-Techniczne,
_c1971.
300 _a219, [1] stron :
_bilustracje ;
_c24 cm.
336 _aTekst
_btxt
_2rdacontent
337 _aBez urządzenia pośredniczącego
_bn
_2rdamedia
338 _aWolumin
_bnc
_2rdacarrier
380 _aKsiążki.
490 1 _aPrzetwarzanie Informacji i Maszyny Matematyczne.
504 _aBibliografia na stronach [214]-216. Indeks.
546 _aSpis treści także w języku angielskim, rosyjskim.
658 _aInformatyka i technologie informacyjne
650 4 _aPrzetwarzanie danych
710 2 _aWydawnictwa Naukowo-Techniczne
_4pbl.
856 _uhttp://koha.tu.koszalin.pl/cgi-bin/koha/opac-detail.pl?biblionumber=25501
_yKatalog online BPK
830 0 _aPrzetwarzanie Informacji i Maszyny Matematyczne
942 _2UKD
_cKS
999 _c25501
_d25501